Catálogo

FUTURO ECONOMICO DE MEXICO ¨MAS DEVALUACIONES...? : (Registro nro. 18816)

Detalles MARC
000 -LEADER
fixed length control field 00487nam a2200157 a 4500
001 - CONTROL NUMBER
control field 18816
005 - DATE AND TIME OF LATEST TRANSACTION
control field 20180713212156.0
008 - FIXED-LENGTH DATA ELEMENTS--GENERAL INFORMATION
fixed length control field 140415s1977 000 0 spa d
041 ## - LANGUAGE CODE
Language code of text/sound track or separate title spa
082 ## - DEWEY DECIMAL CLASSIFICATION NUMBER
Classification number 330.972
Item number PAZ
100 1# - MAIN ENTRY--PERSONAL NAME
Personal name PAZOS, LUIS
245 10 - TITLE STATEMENT
Title FUTURO ECONOMICO DE MEXICO ¨MAS DEVALUACIONES...? :
Remainder of title ḦACIA DONDE VA EL NUEVO REGIMEN? ¨COMO SALIR ADELANTE?
260 ## - PUBLICATION, DISTRIBUTION, ETC.
Place of publication, distribution, etc. [s.l.] :
Name of publisher, distributor, etc. DIANA,
Date of publication, distribution, etc. 1977
300 ## - PHYSICAL DESCRIPTION
Extent 151
650 14 - SUBJECT ADDED ENTRY--TOPICAL TERM
Topical term or geographic name entry element CONDICIONES ECONOMICAS
General subdivision MEXICO
Existencias
Withdrawn status Lost status Source of classification or shelving scheme Damaged status Not for loan Collection code Home library Current library Shelving location Date acquired Source of acquisition Inventory number Total Checkouts Full call number Barcode Date last seen Date last checked out Price effective from Koha item type
    Dewey Decimal Classification     General Biblioteca Karol Wojtyla Biblioteca Karol Wojtyla Sala general 03/12/2013 Compra 151000000000000000049345   330.972 PAZ 38217 05/01/2026 27/10/2015 03/12/2013 Libro